000 00943nas a2200289 4500
001 BR2012002407
003 BR-BrBNA
005 20231205120424.0
007 ta
008 230509b bl.|||p| |||| 00| 00por d
040 _aBR-BrBNA
_bpor
_cBiblioteca Nacional de Agricultura
041 _a(Pt)
072 _aP06; N20
100 1 _aMoraes, M.J. de
100 1 _aOliveira Filho, D.
100 1 _aVieira, G.H.S.
100 1 _aScarcelli, R. de O.C
245 1 _aGerenciamento do lado da demanda no bombeamento de água para perímetro irrigado
650 _aENGENHARIA HIDRÁULICA
650 _aIRRIGAÇÃO
650 _aENERGIA
650 _aMOTOR ELÉTRICO
773 0 _tRevista Brasileira de Engenharia Agrícola e Ambiental (Brazil)
_xISSN 1807-1929
_g(Sep 2011), v.15(9) p. 875-882
_wBR2012002407
856 4 0 _uhttp://www.scielo.br/pdf/rbeaa/v15n9/01.pdf
909 _a202311
_bLúcia
_c55
_dLúcia Elande
942 _2AGRIS
_n0
_cANA
999 _c218417
_d218417